000 00485cam a22001934a 4500
005 20250605164306.0
008 250528s ||||||||||||||||||||||||d
035 _a22251
020 _a9780415186544
040 _aGR-AtMCL
_bgre
_dGR-AtMCL
_eAACR2
245 1 _aTHE PHYSIOLOGICAL BASIS OF BEHAVIOUR / NEURAL AND HORMONAL PROCESSES
250 _a1
260 _bRouledge,
_c1999
300 _a144
700 1 _aSilber Kevin
_97057
942 _cBK
999 _c7307
_d7307